00358cam a22001211 450000500170000008200160001710000200003324500370005326000470009030000340013750000240017165000410019520251125102355.0 a541.04bTAY1 aTaylor, Hugh S.12aA treatise on physical chemistry aNew York,bD. Van Nostrand Company,c1924. a2 v.billus., plates, diagrs. aPaged continuously. 0aChemistry, Physical and theoretical.